Learning Resource and Development

Guinness world records : (Record no. 13178)

MARC details
000 -LEADER
fixed length control field 00870nam a22002897a 4500
005 - DATE AND TIME OF LATEST TRANSACTION
control field 20230512224103.0
008 - FIXED-LENGTH DATA ELEMENTS--GENERAL INFORMATION
fixed length control field 230313t xxu||||| |||| 00| 0 eng d
020 ## - INTERNATIONAL STANDARD BOOK NUMBER
International Standard Book Number 9781912286843
040 ## - CATALOGING SOURCE
Transcribing agency CSPC
050 0# - LIBRARY OF CONGRESS CALL NUMBER
Classification number GV1469.3
082 0# - DEWEY DECIMAL CLASSIFICATION NUMBER
Classification number 794.8
Item number G948
245 00 - TITLE STATEMENT
Title Guinness world records :
Remainder of title gamer's edition 2020 /
260 ## - PUBLICATION, DISTRIBUTION, ETC.
Place of publication, distribution, etc. London:
Name of publisher, distributor, etc. Guinness World Records Limited,
Date of publication, distribution, etc. 2019
300 ## - PHYSICAL DESCRIPTION
Extent 191 pages :
Other physical details chiefly colored illustrations ;
Dimensions 27 cm.
336 ## - CONTENT TYPE
Source rdacontent
Content type term text
337 ## - MEDIA TYPE
Source rdamedia
Media type term unmediated
338 ## - CARRIER TYPE
Source rdacarrier
Carrier type term volume
500 ## - GENERAL NOTE
General note Includes index.
650 10 - SUBJECT ADDED ENTRY--TOPICAL TERM
Topical term or geographic name entry element Video games.
650 10 - SUBJECT ADDED ENTRY--TOPICAL TERM
Topical term or geographic name entry element World records.
650 10 - SUBJECT ADDED ENTRY--TOPICAL TERM
Topical term or geographic name entry element Computer games.
650 10 - SUBJECT ADDED ENTRY--TOPICAL TERM
Topical term or geographic name entry element Curiosities and wonders.
940 ## - EQUIVALENCE OR CROSS-REFERENCE--UNIFORM TITLE [OBSOLETE] [CAN/MARC only]
Uniform title <a href="jessa f">jessa f</a>
942 ## - ADDED ENTRY ELEMENTS (KOHA)
Koha item type
-- GNR 794.8 G948 2019
Holdings
Withdrawn status Lost status Damaged status Not for loan Home library Current library Shelving location Date acquired Total Checkouts Full call number Barcode Date last seen Copy number Price effective from Koha item type
        Main Library Main Library General Reference Section 05/12/2023   GNR 794.8 G948 2019 025208 05/12/2023 1-2 05/12/2023 Books
        Main Library Main Library General Reference Section 05/12/2023   GNR 794.8 G948 2019 025209 05/12/2023 2-2 05/12/2023 Books